000 00495cam0a220015700 4500
005 20190809113703.0
008 980604
035 _a(Sirsi) a141599
050 0 _aSF895 Roo 1971
100 1 _aRooney, James R.
_6A57072.1
245 1 0 _aClinical neurology of the horse /
_cJames R. Rooney.
260 _aPennysylvania :
_bUniversity of Pennsylvania,
_c1971.
350 _a25
504 _aBibliographical references and index
650 0 _aVeterinary neurology
_6S4989.1
999 _c1594
_d1594